[Event "FAHIJ I"]
[Site "SchemingMind.com"]
[Date "2023.06.11"]
[Round "-"]
[White "wight knight"]
[Black "kenneth m day"]
[Result "0-1"]
[WhiteCountry "ENG"]
[BlackCountry "USA"]
[WhiteElo "1178"]
[WhiteRD "59"]
[BlackElo "1670"]
[BlackRD "62"]
[GameID "734694"]

1. e4 e5 2. Bc4 Nf6 3. f3 Bc5 4. b3 O-O 5. Ba3 Bxa3 6. Nxa3 c6 7. h4 d5 8. exd5 cxd5 9. Bd3 Nc6 10. c3 Re8
11. g4 e4 12. fxe4 dxe4 13. Bb5 Bxg4 14. Be2 Bf5 15. Nh3 Nd5 16. Bg4 Bxg4 17. Qxg4 Nf6 18. Rg1 Nxg4 19. Rxg4 Qd7 20. Rg3 Rad8
21. Nc4 b5 22. O-O-O Qc7 23. Rdg1 g6 24. h5 bxc4 25. bxc4 Ne5 26. hxg6 fxg6 27. Ng5 Qxc4 28. Rh3 Nd3+ 29. Kd1 Nf2+
0-1

[Event "FAHIJ I"]
[Site "SchemingMind.com"]
[Date "2023.06.10"]
[Round "-"]
[White "kenneth m day"]
[Black "JAHI"]
[Result "0-1"]
[WhiteCountry "USA"]
[BlackCountry "INT"]
[WhiteElo "1622"]
[WhiteRD "63"]
[BlackElo "2161"]
[BlackRD "78"]
[GameID "734696"]

1. e4 a6 2. Nf3 d6 3. Nc3 Bg4 4. Be2 Bxf3 5. Bxf3 Nd7 6. O-O e6 7. d4 e5 8. dxe5 dxe5 9. Be3 Ngf6 10. Re1 Bb4
11. Bd2 Bxc3 12. Bxc3 Kf8 13. Qe2 Kg8 14. Rad1 Qe7 15. Qc4 Rc8 16. Rd2 h6 17. Red1 h5 18. h3 Nf8 19. b4 Ng6 20. a3 Kh7
21. g3 h4 22. Kg2 Rhe8 23. Qe2 Rcd8 24. Qe3 Rxd2 25. Rxd2 Qe6 26. Qe2 Qa2 27. Qe3 Qxa3 28. Qc5 Re6 29. Qxc7 Rc6 30. Qxb7 Rxc3
31. Rd3 hxg3 32. Kxg3 Rxd3 33. cxd3 Qc1 34. Qxf7 Qg1+ 35. Bg2 Nh4 36. Kxh4 Qxf2+ 37. Kg5 Qf4#
0-1

[Event "FAHIJ I"]
[Site "SchemingMind.com"]
[Date "2023.06.09"]
[Round "-"]
[White "kenneth m day"]
[Black "eliecercruzr"]
[Result "0-1"]
[WhiteCountry "USA"]
[BlackCountry "CUB"]
[WhiteElo "1653"]
[WhiteRD "60"]
[BlackElo "2309"]
[BlackRD "61"]
[GameID "734697"]

1. e4 c5 2. d4 cxd4 3. c3 dxc3 4. Nxc3 Nc6 5. Nf3 e6 6. Bc4 a6 7. O-O b5 8. Bb3 Bb7 9. Bf4 Na5 10. Bc2 Nf6
11. Re1 Rc8 12. Rc1 Nc4 13. b3 Bb4 14. bxc4 Bxc3 15. Re3 Rxc4 16. h3 Ba5 17. Ne5 Rc8 18. Bb1 Rxc1 19. Qxc1 Bb6 20. Re2 h6
21. Qd2 d5 22. exd5 Qxd5 23. Qxd5 Nxd5 24. Bg3 Nc3 25. Re1 Bd4 26. Nd3 Ke7 27. Be5 Bxe5 28. Nxe5 b4 29. Nc4 Rc8 30. Na5 Bd5
31. Nb3 Ra8 32. Nc5 a5 33. Nd3 Nxa2 34. Nf4 Nc3 35. Nxd5+ Nxd5 36. Be4 Kd6 37. Rc1 b3 38. Bb1 a4 39. Rc4 a3
0-1

[Event "FAHIJ I"]
[Site "SchemingMind.com"]
[Date "2023.06.09"]
[Round "-"]
[White "Steven DuCharme"]
[Black "Chessibelle"]
[Result "1-0"]
[WhiteCountry "USA"]
[BlackCountry "ENG"]
[WhiteElo "1515"]
[WhiteRD "60"]
[BlackElo "1142"]
[BlackRD "58"]
[GameID "734698"]

1. Nf3 d6 2. g3 Nf6 3. d4 e6 4. Bg2 Nc6 5. O-O g6 6. c4 Bg7 7. Nc3 O-O 8. e4 Bd7 9. Bg5 b6 10. e5 Qc8
11. exf6 Bh8 12. Nh4 Re8 13. h3 Rb8 14. f4 a6 15. a3 e5 16. Bxc6 Bxc6 17. d5 Bb7 18. g4 c6 19. f5 Qc7 20. fxg6 hxg6
21. Nxg6 fxg6 22. f7+ Kh7 23. fxe8=Q Rxe8 24. Qf3 Bg7 25. Qf7 Qd8 26. Bxd8
1-0

[Event "FAHIJ I"]
[Site "SchemingMind.com"]
[Date "2023.06.10"]
[Round "-"]
[White "Kenny Elliott"]
[Black "Chessibelle"]
[Result "1-0"]
[WhiteCountry "USA"]
[BlackCountry "ENG"]
[WhiteElo "1477"]
[WhiteRD "89"]
[BlackElo "1159"]
[BlackRD "60"]
[GameID "734699"]

1. d4 d5 2. Nf3 h6 3. Nc3 Nf6 4. Bf4 a6 5. e3 Nh7 6. Bd3 Nf6 7. O-O e6 8. Ne5 Be7 9. a3 c6 10. Qf3 b5
11. b4 O-O 12. a4 Bxb4 13. Qg3 Kh8 14. Ne2 Rg8 15. Nxf7#
1-0

[Event "FAHIJ I"]
[Site "SchemingMind.com"]
[Date "2023.06.14"]
[Round "-"]
[White "Chessibelle"]
[Black "cnile"]
[Result "0-1"]
[WhiteCountry "ENG"]
[BlackCountry "SCO"]
[WhiteElo "1142"]
[WhiteRD "58"]
[BlackElo "1323"]
[BlackRD "64"]
[GameID "734700"]

1. Nf3 d5 2. d4 Bf5 3. Nc3 e6 4. Bd2 Nf6 5. g3 Bd6 6. e3 h6 7. Bg2 Nbd7 8. a3 c6 9. b4 b5 10. O-O O-O
11. h4 Ng4 12. Ne1 Ndf6 13. Qe2 Qc7 14. f4 h5 15. Nb1 Be4 16. Bh3 Nh6 17. Nf3 Bxc2 18. Nc3 Bg6 19. Ne5 a5 20. Na2 axb4
21. axb4 Ne4 22. Be1 Ra4 23. Nxg6 fxg6 24. Kh2 Rfa8 25. Bxe6+ Kf8 26. Qf3 Rxa2+ 27. Rxa2 Rxa2+ 28. Kh3 Nf6 29. Qd1 Nfg4 30. Qd3 Rh2#
0-1

[Event "FAHIJ I"]
[Site "SchemingMind.com"]
[Date "2023.06.09"]
[Round "-"]
[White "Chessibelle"]
[Black "Black Knight"]
[Result "0-1"]
[WhiteCountry "ENG"]
[BlackCountry "USA"]
[WhiteElo "1106"]
[WhiteRD "57"]
[BlackElo "1162"]
[BlackRD "64"]
[GameID "734701"]

1. Nf3 d5 2. d4 Bg4 3. e3 Nf6 4. Be2 e6 5. Bd2 Ne4 6. Bc1 Bd6 7. O-O O-O 8. h3 Nc6 9. Nbd2 Nxd2 10. Bxd2 Bxf3
11. Bxf3 Nb4 12. a3 Nc6 13. Be2 a6 14. g4 Qh4 15. f4 Qg3+ 16. Kh1 Qxh3+ 17. Kg1 Qg3+ 18. Kh1 Qh3+ 19. Kg1 Nxd4 20. Rf2 e5
21. Bf1 Qh6 22. Rh2 Qe6 23. Bh3 Nc6 24. Rg2 exf4 25. exf4 Bc5+ 26. Kf1 Nd4 27. Kg1 Nxc2+ 28. Kh2 Nxa1 29. g5 Qe4 30. Qg4 Nc2
31. Qg3 Be3 32. Bc3 Bxf4 33. Bd2 Bxg3+
0-1

[Event "FAHIJ I"]
[Site "SchemingMind.com"]
[Date "2023.06.12"]
[Round "-"]
[White "Transcendent"]
[Black "Chessibelle"]
[Result "0-1"]
[WhiteCountry "ENG"]
[BlackCountry "ENG"]
[WhiteElo "1680"]
[WhiteRD "70"]
[BlackElo "1130"]
[BlackRD "54"]
[GameID "734702"]

1. d4 d5 2. c4 Nf6 3. cxd5 Nxd5 4. Nf3 h6 5. e4 Nf6 6. Nc3 a6 7. Bc4 e6 8. O-O Bd7 9. e5 Nh7 10. Qe2 Be7
11. Rd1 O-O 12. Qe4 f6 13. Qxb7 Nc6 14. Bxe6+ Bxe6 15. Qxc6 Bd7 16. Qd5+ Kh8 17. e6 c6 18. Qxd7 Qe8 19. Qxe8 Rfxe8 20. Nh4 g5
21. Nf5 Bd8 22. Re1 Bb6 23. e7 c5 24. Nd5 Ba7 25. Nc7 cxd4 26. Nxa8 Bc5 27. Nc7 Bb4 28. Nxe8 Bxe1
0-1

[Event "FAHIJ I"]
[Site "SchemingMind.com"]
[Date "2023.06.10"]
[Round "-"]
[White "JAHI"]
[Black "Chessibelle"]
[Result "1-0"]
[WhiteCountry "INT"]
[BlackCountry "ENG"]
[WhiteElo "2174"]
[WhiteRD "76"]
[BlackElo "1106"]
[BlackRD "57"]
[GameID "734704"]

1. f3 e5 2. e3 d6 3. a3 Nf6 4. a4 a5 5. Na3 g6 6. b3 Be7 7. Bb2 c5 8. Bb5+ Nbd7 9. Kf1 O-O 10. Bxd7 Bxd7
11. Ne2 b6 12. h3 h6 13. h4 Nh5 14. Qe1 f5 15. Kg1 Bc6 16. Nc4 Nf6 17. h5 Nxh5 18. Rxh5 gxh5 19. Rd1 Kh7 20. Qg3 Rg8
21. Qh3 Be8 22. d3 Bf7 23. Qxf5+ Bg6 24. Qh3 Qf8 25. Nxb6 Rb8 26. Nd7 Qg7 27. Nxb8 Rxb8 28. f4 Rf8 29. fxe5 h4 30. exd6 Qf7
31. dxe7 Qxe7 32. Rf1 Rg8 33. Bf6 Qb7 34. Nf4 Rf8 35. Nxg6 Kxg6 36. Qg4+ Kh7 37. Qf5+ Kg8 38. Qg6+
1-0

[Event "FAHIJ I"]
[Site "SchemingMind.com"]
[Date "2023.06.11"]
[Round "-"]
[White "Steven DuCharme"]
[Black "wight knight"]
[Result "1-0"]
[WhiteCountry "USA"]
[BlackCountry "ENG"]
[WhiteElo "1515"]
[WhiteRD "60"]
[BlackElo "1178"]
[BlackRD "59"]
[GameID "734705"]

1. d4 Nc6 2. d5 Ne5 3. Nf3 f6 4. Nxe5 fxe5 5. e4 c6 6. Qh5+ g6 7. Qxe5 Nf6 8. Be2 d6 9. Qd4 c5 10. Bb5+ Bd7
11. Bxd7+ Kxd7 12. Qa4+ Kc8 13. O-O a5 14. Bg5 h6 15. Bxf6 exf6 16. Nd2 Qd7 17. Qxd7+ Kxd7 18. f4 h5 19. h4 f5 20. e5 dxe5
21. fxe5 Bg7 22. Nf3 Rhe8 23. Rfe1 b5 24. c3 b4 25. Rac1 bxc3 26. Rxc3 Bh6 27. Rxc5 Rec8 28. Rb5 Bc1 29. Rb7+ Rc7 30. Rxc7+ Kxc7
31. Rxc1+ Kd8 32. Ng5 a4 33. Ne6+ Kd7 34. Rc7+ Ke8 35. d6 a3 36. Re7#
1-0

[Event "FAHIJ I"]
[Site "SchemingMind.com"]
[Date "2023.06.11"]
[Round "-"]
[White "Kenny Elliott"]
[Black "wight knight"]
[Result "1-0"]
[WhiteCountry "USA"]
[BlackCountry "ENG"]
[WhiteElo "1491"]
[WhiteRD "84"]
[BlackElo "1178"]
[BlackRD "59"]
[GameID "734706"]

1. d4 Nc6 2. d5 Ne5 3. Bf4 Nc4 4. Qd4 b5 5. e3 c6 6. dxc6 dxc6 7. Qxd8+ Kxd8 8. Bxc4 bxc4 9. Nc3 Bf5 10. O-O-O+ Kc8
11. Nf3 g6 12. Ne5 Bh6 13. Bxh6 Nxh6 14. Nxc6 Kc7 15. Nxe7 Ng8 16. Nxf5 gxf5 17. Rd4 Nf6 18. Rxc4+ Kb6 19. Rd1 a5 20. Rd6+ Kb7
21. Rxf6 Rhg8 22. Rxf7+ Kb8 23. Rcc7 Rxg2 24. Rce7 Rg8 25. Rxf5 Ra7 26. Rxa7 Kxa7 27. Rxa5+ Kb6 28. b4 Rg4 29. a3 Rg2 30. Nd5+ Kb7
31. b5 Rxf2 32. c4
1-0

[Event "FAHIJ I"]
[Site "SchemingMind.com"]
[Date "2023.06.14"]
[Round "-"]
[White "wight knight"]
[Black "cnile"]
[Result "1-0"]
[WhiteCountry "ENG"]
[BlackCountry "SCO"]
[WhiteElo "1178"]
[WhiteRD "59"]
[BlackElo "1323"]
[BlackRD "64"]
[GameID "734707"]

1. e4 c6 2. Bc4 d5 3. exd5 cxd5 4. Bb3 Nc6 5. Ba4 Nf6 6. Bxc6+ bxc6 7. f3 e5 8. b3 Bd6 9. Ba3 O-O 10. Bxd6 Qxd6
11. Ne2 Be6 12. O-O Rab8 13. f4 Rfe8 14. f5 Bd7 15. Ng3 e4 16. Nh5 Qc5+ 17. Rf2 Bxf5 18. Nxf6+ gxf6 19. Qh5 Bg6 20. Qh4 Qd4
21. Nc3 Re5 22. Qxf6 Rf5 23. Qxd4
1-0

[Event "FAHIJ I"]
[Site "SchemingMind.com"]
[Date "2023.06.11"]
[Round "-"]
[White "Clive Everill"]
[Black "wight knight"]
[Result "1-0"]
[WhiteCountry "CZE"]
[BlackCountry "ENG"]
[WhiteElo "1606"]
[WhiteRD "58"]
[BlackElo "1262"]
[BlackRD "66"]
[GameID "734708"]

1. e4 e5 2. Nc3 c6 3. d4 Bb4 4. Qd3 Bxc3+ 5. Qxc3 b5 6. dxe5 Ba6 7. Qg3 g6 8. Bg5 Qa5+ 9. c3 b4 10. Bxa6 Nxa6
11. Bd2 O-O-O 12. Ne2 h5 13. h4 Nc5 14. cxb4 Qb5 15. bxc5 Qxb2 16. Bc3 Qb5 17. O-O Qxe2 18. Rfb1 Kc7 19. e6+ Kc8 20. Qb8#
1-0

[Event "FAHIJ I"]
[Site "SchemingMind.com"]
[Date "2023.06.12"]
[Round "-"]
[White "wight knight"]
[Black "Black Knight"]
[Result "0-1"]
[WhiteCountry "ENG"]
[BlackCountry "USA"]
[WhiteElo "1178"]
[WhiteRD "59"]
[BlackElo "1205"]
[BlackRD "64"]
[GameID "734709"]

1. e4 e5 2. Bc4 Nf6 3. f3 Bc5 4. a3 Bxg1 5. Rxg1 d5 6. exd5 Nxd5 7. Bxd5 Qxd5 8. d3 O-O 9. c4 Qd4 10. Rf1 Nc6
11. Nc3 Bf5 12. Ne2 Qd7 13. g4 Qxd3 14. Qxd3 Bxd3 15. b3 Nd4 16. f4 Bxe2 17. Kf2 Bxf1 18. Kxf1 Nxb3 19. Rb1 Nxc1 20. Rxc1 exf4
21. h4 Rfe8 22. g5 Rad8 23. h5 f3 24. c5 Re2 25. a4 Rdd2 26. a5 Rf2+ 27. Ke1 Rde2+ 28. Kd1 Rf1#
0-1

[Event "FAHIJ I"]
[Site "SchemingMind.com"]
[Date "2023.06.11"]
[Round "-"]
[White "wight knight"]
[Black "Arthur Wilding"]
[Result "1/2-1/2"]
[WhiteCountry "ENG"]
[BlackCountry "WLS"]
[WhiteElo "1178"]
[WhiteRD "59"]
[BlackElo "1206"]
[BlackRD "67"]
[GameID "734710"]

1. e4 e6 2. b3 Nf6 3. f3 e5 4. Ba3 Bxa3 5. Nxa3 Nc6 6. Bb5 a6 7. Bxc6 dxc6 8. g4 O-O 9. g5 Nd7 10. Qe2 g6
11. O-O-O b5 12. h4 Nb6 13. Qd3 Qxd3 14. cxd3 Bb7 15. h5 gxh5 16. Rxh5 Rad8 17. Kc2 b4 18. Nc4 Nxc4 19. dxc4 c5 20. Ne2 Rd7
21. Rdh1 f6 22. g6 hxg6 23. Rh8+ Kf7 24. Rxf8+ Kxf8 25. Rh6 Kg7 26. Rh1 Bc6 27. f4 Bxe4+ 28. d3 Bf5 29. Ng3 Rd8 30. Nxf5+ gxf5
31. fxe5 fxe5 32. Rh5 Rf8 33. Rg5+ Kh6 34. Rg1 Kh7 35. Re1 Kg6 36. Rxe5 f4 37. Kd2 Rf5 38. Re6+ Rf6 39. Rxf6+ Kxf6 40. Ke2 Kf5
41. Kf3 c6 42. Kf2 Ke5 43. Ke2 Kd4 44. Kf3 Kxd3 45. Kxf4 Kc3 46. Ke5 Kb2 47. Kd6 Kxa2 48. Kxc6 Kxb3 49. Kxc5 a5 50. Kb5 a4
51. c5 a3 52. c6 a2 53. c7 a1=Q 54. c8=Q Qe5+ 55. Kb6 Qd6+ 56. Kb7 Qd5+ 57. Kb8 Qb5+ 58. Ka8 Ka4 59. Qc2+ b3 60. Qe4+ Qb4
61. Qc6+ Qb5 62. Qe4+ Ka3 63. Qe7+ Ka2 64. Qa7+ Kb2 65. Qf2+ Ka3=
1/2-1/2

[Event "FAHIJ I"]
[Site "SchemingMind.com"]
[Date "2023.06.13"]
[Round "-"]
[White "Transcendent"]
[Black "wight knight"]
[Result "0-1"]
[WhiteCountry "ENG"]
[BlackCountry "ENG"]
[WhiteElo "1680"]
[WhiteRD "70"]
[BlackElo "1253"]
[BlackRD "58"]
[GameID "734711"]

1. e4 e5 2. Nf3 f6 3. Bc4 b6 4. Nxe5 g6 5. Nf7 Qe7 6. O-O Ba6 7. Bxa6 Nxa6 8. Nxh8 Nc5 9. d4 Nxe4 10. Re1 f5
11. f3 Bg7 12. fxe4 fxe4 13. Nxg6 hxg6 14. Nc3 O-O-O 15. Rxe4 Qf6 16. Rf4 Qc6 17. Rf7 Bh6 18. Bxh6 Nxh6 19. Rf3 Ng4 20. Qd2 b5
21. Qf4 b4 22. Qxg4 bxc3 23. Rxc3 Qf6 24. Rf1 Qa6 25. Qe4 c6 26. Qxg6 Qxa2
0-1

[Event "FAHIJ I"]
[Site "SchemingMind.com"]
[Date "2023.06.11"]
[Round "-"]
[White "wight knight"]
[Black "Chessibelle"]
[Result "1-0"]
[WhiteCountry "ENG"]
[BlackCountry "ENG"]
[WhiteElo "1178"]
[WhiteRD "59"]
[BlackElo "1142"]
[BlackRD "58"]
[GameID "734712"]

1. e4 e5 2. Bc4 Nf6 3. f3 Be7 4. c3 O-O 5. b4 c6 6. Ba3 b5 7. Be2 g6 8. c4 d6 9. cxb5 Qd7 10. g4 cxb5
11. h4 Nc6 12. g5 Nh5 13. f4 Nxf4 14. Nc3 Nd4 15. Bg4 Qc6 16. Bxc8 Raxc8 17. Nf3 Qc4 18. Rh2 f6 19. gxf6 Bxf6 20. Ne2 Qd3
21. Nfxd4 exd4 22. Bc1 Qxe4 23. d3 Nxd3+ 24. Kf1 Be5+ 25. Kg1 Qg4+ 26. Rg2 Nf2 27. Rxg4 Nxg4 28. a4 Bh2+ 29. Kh1 Rf3 30. axb5 Rh3
31. Qxd4 Rxh4 32. Qd5+ Kg7 33. Qb7+ Kf6 34. Qxc8 Be5+ 35. Kg2 h5 36. Bf4 g5 37. Bxe5+ Kxe5 38. Rxa7 Ne3+ 39. Kf2 Nd1+ 40. Ke1 Rh1+
41. Kd2 Nb2 42. Re7+ Kd5 43. Qe6#
1-0

[Event "FAHIJ I"]
[Site "SchemingMind.com"]
[Date "2023.06.11"]
[Round "-"]
[White "JAHI"]
[Black "wight knight"]
[Result "1-0"]
[WhiteCountry "INT"]
[BlackCountry "ENG"]
[WhiteElo "2175"]
[WhiteRD "78"]
[BlackElo "1178"]
[BlackRD "59"]
[GameID "734714"]

1. f3 e5 2. e3 b6 3. a3 Ba6 4. Bxa6 Nxa6 5. a4 Nc5 6. a5 e4 7. a6 Qc8 8. Qe2 Qb8 9. fxe4 Nxe4 10. Nf3 f6
11. d3 Bb4+ 12. c3 Bd6 13. dxe4 g5 14. Na3 Nh6 15. e5 fxe5 16. e4 g4 17. Bxh6 gxf3 18. Qxf3 Bc5 19. Rf1 c6 20. Bg5 Be7
21. Bxe7 Kxe7 22. Qf6+ Ke8 23. Qxh8+ Ke7 24. Qf6+ Ke8 25. Qf8#
1-0

[Event "FAHIJ I"]
[Site "SchemingMind.com"]
[Date "2023.06.10"]
[Round "-"]
[White "eliecercruzr"]
[Black "wight knight"]
[Result "1-0"]
[WhiteCountry "CUB"]
[BlackCountry "ENG"]
[WhiteElo "2320"]
[WhiteRD "69"]
[BlackElo "1262"]
[BlackRD "66"]
[GameID "734715"]

1. e4 e5 2. Nf3 f6 3. Nxe5 g6 4. Nf3 b6 5. Bc4 Ba6 6. Bxa6 Nxa6 7. d4 Bh6 8. O-O Bxc1 9. Qxc1 c5 10. Nc3 cxd4
11. Nxd4 h5 12. Qe3 g5 13. e5 Qe7 14. Qf3 Nc7 15. Ncb5 g4 16. Nxc7+ Kd8 17. Qxa8+ Kxc7 18. Nb5#
1-0

[Event "FAHIJ I"]
[Site "SchemingMind.com"]
[Date "2023.06.09"]
[Round "-"]
[White "eliecercruzr"]
[Black "Steven DuCharme"]
[Result "1-0"]
[WhiteCountry "CUB"]
[BlackCountry "USA"]
[WhiteElo "2320"]
[WhiteRD "69"]
[BlackElo "1481"]
[BlackRD "60"]
[GameID "734721"]

1. e4 e6 2. d4 d5 3. Nc3 Bb4 4. e5 h6 5. Qg4 g6 6. Nf3 h5 7. Qf4 Be7 8. Bd3 a6 9. Ne2 h4 10. h3 Nh6
11. O-O Nf5 12. b3 Rh5 13. Qd2 c5 14. dxc5 g5 15. Rd1 Bxc5 16. Bxf5 exf5 17. Nxg5 Qb6 18. Nc3 Be6 19. Nxd5 Bxf2+ 20. Kh1
1-0

[Event "FAHIJ I"]
[Site "SchemingMind.com"]
[Date "2023.06.10"]
[Round "-"]
[White "eliecercruzr"]
[Black "Kenny Elliott"]
[Result "1-0"]
[WhiteCountry "CUB"]
[BlackCountry "USA"]
[WhiteElo "2304"]
[WhiteRD "68"]
[BlackElo "1491"]
[BlackRD "84"]
[GameID "734722"]

1. e4 c5 2. Nf3 d6 3. d4 cxd4 4. Nxd4 e5 5. Bb5+ Bd7 6. Bxd7+ Nxd7 7. Nf5 Qb6 8. O-O Ne7 9. Nxd6+ Kd8 10. Nxf7+ Kc8
11. Nxh8 Ng6 12. Nf7 Be7 13. Qg4 Bf6 14. Rd1 Qc6 15. Rd6 Qxc2 16. Qxd7+ Kb8 17. Nc3 Nf4 18. Qe8+ Kc7 19. Nb5#
1-0

[Event "FAHIJ I"]
[Site "SchemingMind.com"]
[Date "2023.06.14"]
[Round "-"]
[White "cnile"]
[Black "eliecercruzr"]
[Result "0-1"]
[WhiteCountry "SCO"]
[BlackCountry "CUB"]
[WhiteElo "1323"]
[WhiteRD "64"]
[BlackElo "2304"]
[BlackRD "68"]
[GameID "734723"]

1. d4 Nf6 2. c4 e6 3. Nc3 Bb4 4. e3 c5 5. Ne2 cxd4 6. exd4 d5 7. a3 Bxc3+ 8. Nxc3 O-O 9. Bg5 dxc4 10. Bxc4 Nc6
11. O-O Qxd4 12. Qxd4 Nxd4 13. Bxf6 gxf6 14. Rac1 Bd7 15. Rfd1 e5 16. Ne4 Kg7 17. Kf1 Rfd8 18. Nd6 Bc6 19. Nxf7 Rd7 20. Rd3 Rxf7
21. Bxf7 Kxf7 22. Rh3 Rh8 23. Ke1 h5 24. f3 h4 25. Rc4 Kg6 26. b4 Bd7
0-1

[Event "FAHIJ I"]
[Site "SchemingMind.com"]
[Date "2023.06.12"]
[Round "-"]
[White "eliecercruzr"]
[Black "Clive Everill"]
[Result "1-0"]
[WhiteCountry "CUB"]
[BlackCountry "CZE"]
[WhiteElo "2320"]
[WhiteRD "69"]
[BlackElo "1606"]
[BlackRD "58"]
[GameID "734724"]

1. e4 c5 2. Nf3 Nc6 3. d4 cxd4 4. Nxd4 Qc7 5. Nc3 e6 6. Qd3 Nxd4 7. Qxd4 a6 8. Be3 b5 9. f3 Nf6 10. e5 Ng8
11. Ne4 Bb7 12. Nd6+ Bxd6 13. exd6 Qa5+ 14. Bd2 Qd8 15. Qxg7 Qf6 16. Bc3 e5 17. Bxe5 Qxg7 18. Bxg7 O-O-O 19. Bxh8 Nh6 20. Bd4 Re8+
21. Kf2 Nf5 22. Bc5 Re5 23. Re1
1-0

[Event "FAHIJ I"]
[Site "SchemingMind.com"]
[Date "2023.06.09"]
[Round "-"]
[White "Black Knight"]
[Black "eliecercruzr"]
[Result "0-1"]
[WhiteCountry "USA"]
[BlackCountry "CUB"]
[WhiteElo "1162"]
[WhiteRD "64"]
[BlackElo "2308"]
[BlackRD "70"]
[GameID "734725"]

1. d4 Nf6 2. Nf3 e6 3. Bf4 c5 4. c3 Nc6 5. e3 d5 6. Bd3 Nh5 7. Ne5 Nxf4 8. exf4 cxd4 9. Bb5 Qb6 10. Bxc6+ bxc6
11. b4 dxc3 12. Nxc3 Bxb4 13. Rc1 d4 14. O-O Bxc3 15. Qd3 Ba6 16. Qd1 Bxf1 17. Kxf1 Qb5+ 18. Qd3 f6 19. Qxb5 cxb5 20. Nc6 Kd7
21. Nxd4 Bxd4 22. Rd1 e5 23. fxe5 fxe5 24. Ke2 Rac8 25. f4 Rc2+ 26. Kf1 Rf8 27. g3 Rxh2
0-1

[Event "FAHIJ I"]
[Site "SchemingMind.com"]
[Date "2023.06.09"]
[Round "-"]
[White "Arthur Wilding"]
[Black "eliecercruzr"]
[Result "0-1"]
[WhiteCountry "WLS"]
[BlackCountry "CUB"]
[WhiteElo "1187"]
[WhiteRD "67"]
[BlackElo "2320"]
[BlackRD "69"]
[GameID "734726"]

1. d4 Nf6 2. e3 d5 3. Nf3 c5 4. Bb5+ Bd7 5. Bxd7+ Nbxd7 6. Nc3 e6 7. Bd2 Bd6 8. Nb5 Be7 9. a4 a6 10. Nc3 Rc8
11. O-O O-O 12. b3 Bd6 13. dxc5 Nxc5 14. Ra2 Qc7 15. g3 Rfd8 16. Re1 Re8 17. Ne2 Nce4 18. c3 e5 19. h3 Qd7 20. b4 Qxh3
21. a5 Ng4 22. Nh2 Qxh2+ 23. Kf1 Qxf2#
0-1

[Event "FAHIJ I"]
[Site "SchemingMind.com"]
[Date "2023.06.12"]
[Round "-"]
[White "eliecercruzr"]
[Black "Transcendent"]
[Result "1-0"]
[WhiteCountry "CUB"]
[BlackCountry "ENG"]
[WhiteElo "2309"]
[WhiteRD "61"]
[BlackElo "1680"]
[BlackRD "70"]
[GameID "734727"]

1. e4 e6 2. d4 d5 3. Nc3 Bb4 4. exd5 exd5 5. Bd3 Nf6 6. Ne2 O-O 7. O-O c6 8. Ng3 Re8 9. Nce2 Nbd7 10. c3 Bd6
11. Bf4 Nf8 12. Qd2 Ng6 13. Bxd6 Qxd6 14. Rae1 Bd7 15. Bxg6 hxg6 16. Nf4 Ne4 17. Nxe4 dxe4 18. Ne2 a5 19. Rc1 Re7 20. Qg5 a4
21. h3 Rae8 22. Qe3 Qe6 23. c4 f5 24. h4 Qf6 25. g3
1-0

[Event "FAHIJ I"]
[Site "SchemingMind.com"]
[Date "2023.06.09"]
[Round "-"]
[White "Chessibelle"]
[Black "eliecercruzr"]
[Result "0-1"]
[WhiteCountry "ENG"]
[BlackCountry "CUB"]
[WhiteElo "1159"]
[WhiteRD "60"]
[BlackElo "2320"]
[BlackRD "69"]
[GameID "734728"]

1. Nf3 c5 2. d3 Nc6 3. a3 Nf6 4. e4 e6 5. g3 d5 6. Bd2 Be7 7. Bg2 dxe4 8. Ng5 exd3 9. c3 c4 10. Qa4 Nd7
11. Qxc4 Bxg5 12. f4 Be7 13. Qxd3 O-O 14. Bf3 Nde5 15. Qe4 f5 16. Qe2 Nd3+ 17. Kf1 e5 18. b4 e4 19. Bg2 Bf6 20. Be3 Ne7
21. Nd2 Nd5 22. Bg1 Nxc3 23. Qh5 Nxf4 24. gxf4 Qd3+ 25. Ke1 Bh4+ 26. Bf2 Qe3+ 27. Kf1 Qxf2#
0-1

[Event "FAHIJ I"]
[Site "SchemingMind.com"]
[Date "2023.06.10"]
[Round "-"]
[White "eliecercruzr"]
[Black "JAHI"]
[Result "1/2-1/2"]
[WhiteCountry "CUB"]
[BlackCountry "INT"]
[WhiteElo "2311"]
[WhiteRD "61"]
[BlackElo "2190"]
[BlackRD "81"]
[GameID "734730"]

1. e4 a6 2. d4 a5 3. Nf3 Na6 4. c4 d6 5. Nc3 Bg4 6. Be3 Bxf3 7. Qxf3 e6 8. Be2 c6 9. O-O Nf6 10. Rad1 Nd7
11. Qh3 Be7 12. f4 c5 13. f5 e5 14. dxc5 Ndxc5 15. Nb5 f6 16. Bh5+ Kd7 17. Qg4 Qf8 18. Rf2 Rd8 19. a3 a4 20. Qe2 Kc8
21. Qe1 b6 22. Nc3 Kb8 23. Qd2 Rg8 24. Qc2 g6 25. Nxa4 d5 26. cxd5 Nxa4 27. Qxa4 Bc5 28. Rf3 Bxe3+ 29. Rxe3 Nc5 30. Qb5 gxh5
31. Qxb6+ Nb7 32. Rc1 Rd7 33. Rc6 h4 34. Rxf6 Qg7 35. Re2 Qg4 36. Qe3 Rc8 37. Kf2 Rg7 38. Qf3 Qg5 39. Ra6 Rcg8 40. Rc6 Qxg2+
41. Qxg2 Rxg2+ 42. Ke3 h3 43. Re6 R8g4 44. Rxe5 R4g3+ 45. Kf4 Nc5 46. hxg3 Rxe2 47. Re8+ Kc7 48. Re7+ Kd6 49. Rxh7 Rxe4+ 50. Kg5= Re8
51. Rxh3 Rg8+ 52. Kf6 Nd7+ 53. Kf7 Rf8+ 54. Kg6 Ne5+ 55. Kg5 Rg8+ 56. Kf6 Nd7+ 57. Kf7 Rf8+ 58. Kg6 Ne5+ 59. Kg5 Rg8+ 60. Kf6 Kxd5
61. Rh1 Rf8+ 62. Kg5 Rg8+ 63. Kf6 Rxg3 64. Rd1+ Nd3 65. b4 Rf3 66. b5 Ke4 67. Ke6 Nc5+ 68. Kd6 Rxf5 69. b6 Nb7+ 70. Kc7 Na5
71. Rd7 Rf3 72. b7= Rc3+ 73. Kb6 Nxb7 74. Rxb7 Rxa3 75. Kc5 Ra1 76. Rb5 Rg1 77. Kd6= Rg6+ 78. Ke7 Ra6 79. Rb7 Kd5 80. Rb5+ Ke4
81. Kd7 Kd4 82. Kc7 Kc4 83. Rb1 Kd5 84. Rd1+ Ke5 85. Re1+ Kf6 86. Rf1+ Ke7 87. Re1+ Re6 88. Rxe6+ Kxe6
1/2-1/2